Quốc tế công pháp

Sách giới thiệu thẩm quyền và thủ tục trước tòa của tòa án hòa giải và tòa sơ thẩm, kháng cáo và thủ tục trước tòa sơ thẩm và tòa thượng thẩm, ...

Guardado en:
Detalles Bibliográficos
Autor principal: Nguyễn, Hùng Trương
Formato: Libro
Lenguaje:Undetermined
Publicado: Sài Gòn Khai Trí 1972
Materias:
Etiquetas: Agregar Etiqueta
Sin Etiquetas, Sea el primero en etiquetar este registro!
Thư viện lưu trữ: Trung tâm Học liệu Trường Đại học Cần Thơ
LEADER 00804nam a2200205Ia 4500
001 CTU_204727
008 210402s9999 xx 000 0 und d
082 |a 346.597 
082 |b Tr561 
100 |a Nguyễn, Hùng Trương 
245 0 |a Quốc tế công pháp 
245 0 |c Nguyễn Hùng Trương 
260 |a Sài Gòn 
260 |b Khai Trí 
260 |c 1972 
520 |a Sách giới thiệu thẩm quyền và thủ tục trước tòa của tòa án hòa giải và tòa sơ thẩm, kháng cáo và thủ tục trước tòa sơ thẩm và tòa thượng thẩm, ... 
650 |a Civil law,Luật dân sự 
650 |z Vietnam,Việt Nam 
904 |i Hải 
980 |a Trung tâm Học liệu Trường Đại học Cần Thơ